[Event "FIDE World Cup"]
[Site "Khanty-Mansiysk"]
[Date "2005.12.06"]
[Round "4.1"]
[White "Van Wely, Loek"]
[Black "Ponomariov, Ruslan"]
[Result "0-1"]
[WhiteElo "2648"]
[BlackElo "2704"]
[Annotator "Golod,V"]
[PlyCount "144"]
[EventDate "2005.11.27"]
[EventType "k.o."]
[EventRounds "7"]
[EventCountry "RUS"]
[SourceTitle "CBM 111"]
[Source "ChessBase"]
[SourceDate "2006.04.04"]
[SourceVersion "1"]
[SourceVersionDate "2006.04.04"]
[SourceQuality "1"]

1. d4 Nf6 2. c4 e6 3. Nc3 Bb4 4. Qc2 O-O 5. a3 Bxc3+ 6. Qxc3 b6 7. Nf3 Bb7 8.
e3 d5 9. b4 $5 {It's the main alternative in this position. Quite recently,
for CBM 110 I commented a game with different continuation - 9.b3} c5 $5 {
This is a move is a continuation for pronciple, which lowers White's
opportunities significantly.} ({On:} 9... Nbd7 {you can find five games in
Mega DataBase 2005}) ({Also once was checked in the preceding game:} 9... dxc4)
10. dxc5 {Otherwise, Black will exchange the pawns on "d4" himself.} bxc5 11.
Bb2 {White approves his "b4" move, and brings his dark squared bishop to the
big /^ a1-h8.} Nbd7 12. Be2 Nb6 ({After:} 12... dxc4 $143 13. Qxc4 Bd5 {
White keeps a positional advantage:} 14. Qc3 Qb6 15. O-O cxb4 16. axb4 Rfb8 17.
Ra4 $14 {Dobrov,V-Belov,V/playchess.com 2005(1/2-1/2)(22)}) 13. cxd5 {It's
rather difficult to continue the game without this logical move:} (13. bxc5 $6
Na4 14. Qb4 Nxb2 15. Qxb2 (15. Qxb7 $143 Nxc4 16. Bxc4 dxc4 $11) 15... Rb8 $44)
13... cxb4 14. axb4 Nbxd5 15. Qa3 a6 $1 $146 {A very important preventive move.
His idea is to prevent White from pushing his pawn to "b5" and fixate black's
backward pawn on "a7". Despite the fact that White has the bishop pair, Black
doesn't have any problems, because he has key squares in the center, and the
important square "b5".} (15... Qe7 $143 16. b5 {קa7} Qxa3 17. Rxa3 Rfc8 18.
O-O Rc2 19. Bxf6 gxf6 20. Nd4 Rc3 21. Ra5 $14 {Gurevich,M-Cmilyte,V/Gibraltar,
2006(1-0)(62)}) 16. O-O Qe7 17. Rfb1 Rfc8 {It is obviously that Black can't
touch the "b4" pawn:} (17... Qxb4 $4 18. Qxb4 Nxb4 19. Bxf6 gxf6 20. Rxb4 $18)
({or:} 17... Nxb4 18. Bxf6 {[%csl Rb4][%cal Ga3b4]}) 18. Bd4 {Of course, White
isn't in a hurry to exchange the queenside pawns:} (18. b5 $6 axb5 19. Qxe7
Nxe7 20. Bxb5 $11) 18... Ne4 19. Rb3 Nc7 $1 {[%cal Yb7d5,Gc7b5] Ruslan
Ponomariov moves his forces very well: the square "d5" is freed for the light
squared bishop, and the knight moves to the important defensive square "b5".}
20. Qb2 Bd5 21. Rba3 Rab8 $11 {Now the weak "b4" pawn, is compensation for the
weak "a6" pawn.} 22. Rb1 Nb5 23. Bxb5 ({After:} 23. Rxa6 $6 Nxd4 24. Nxd4 Nc3
$1 {Black takes the initiative!}) 23... Rxb5 24. Ne1 $6 {And still it was
better to go on the safe side:} (24. Rxa6 $5 Qxb4 (24... Rxb4 $143 25. Rc1 $1 {
[%csl Rg8]} Rxc1+ 26. Qxc1 Qb7 27. Ra7 $1 Rb1 $140 28. Ra8+ Qxa8 29. Qxb1 $11)
25. Qxb4 Rxb4 26. Rd1 (26. Rxb4 $4 Rc1+ 27. Ne1 Rxe1#) 26... f6 27. Raa1 {=/=/+
}) 24... Rcb8 25. Ra4 a5 26. f3 $6 ({Probably Loek Van Wely overlooked that
after:} 26. Nd3 {Black develops a sudden initiative on the kingside:} Qg5 {
[%csl Gd5,Rg2,Gg5]} 27. f4 Qg6 28. Ne5 Qh5 $15 {but all the same it was
necessary to play so !}) 26... Rxb4 27. Rxb4 $8 Rxb4 28. Qc2 Rxb1 29. Qxb1 Nf6
$15 30. Qb5 $6 {The wrong decision, this is not a successful place for white's
queen.} (30. Qa1 $142 {[%csl Ga1,Ra5][%cal Gd4c3]} Qc7 $140 31. Be5 (31. Bxf6
$6 gxf6 32. Qxf6 a4 $17 {It will be very hard to stop the passed "a4" pawn.})
31... Qc5 32. Bd4 Qb5 33. Bxf6 (33. Bc3 $6 a4 34. Bxf6 gxf6 35. Qxf6 a3 36.
Qd8+ Kg7 37. Qg5+ Kf8 38. Qd8+ Qe8 39. Qd6+ Qe7 40. Qb8+ Kg7 41. Qg3+ Kh6 {
[%csl Ye7,Yh6][%cal Yh6g6] The black king gets away from the checks.}) 33...
gxf6 34. Qxf6 {[%csl Rg8][%cal Gf6d8,Gf6g5]} Bb7 35. Kf2 $15) 30... Qb4 31.
Qxb4 axb4 {[%mdl 4096] =/+/-/+ Now Black is left with an extra pawn in the
endgame, and very good chances to win.} 32. Nd3 b3 33. Kf2 {White is
considering to bring his king closer to "b3" and to eliminate it, and Black in
his turn plans to prevent that, and while he's at it, create some weaknesses
in white's kingside.} Bc4 34. Nb2 $6 ({It was necessary to decide on the more
active continuation:} 34. Ne5 $5 Bb5 35. e4 {=/+/-/+ and so on.}) 34... Bb5 35.
e4 {Obviously the exchange on "f6" was not in White's favour:} (35. Bxf6 gxf6
36. Ke1 Kg7 37. Kd2 Bf1 38. g3 Bg2 39. f4 Kg6 $17 {[%csl Yg6][%cal Cd2c3,Cc3b3,
Yg6f5,Yf5g4,Yg4h3,Yf5e4] and Black begins attacking White's kingside pawns.})
35... Nd7 36. e5 {White doesn't let the black pawn occupy that square,
although it could have been done differently:} (36. f4 $5 f6 37. e5 {forcing
the black pawn to "f6".}) 36... h5 37. h4 ({After:} 37. Ke3 Kh7 38. Kd2 Kg6 39.
Kc3 Bf1 40. g3 Bg2 41. f4 Bd5 $17 {White can not protect all weaknesses on the
kingside.}) 37... Kh7 38. g4 Nb8 $1 $17 {Puslan Ponomariov gradually improves
his position.} 39. Nd1 Nc6 40. Bc3 g5 $1 {Black tries to give White more
weaknesses this way.} 41. hxg5 $6 {After this exchange, White gets two pawn
islands on the kingside.} (41. Kg3 $142 gxh4+ 42. Kxh4 hxg4 43. Kxg4 $17) 41...
hxg4 42. fxg4 (42. f4 $2 {leads to a hopeless position:} Kg6 43. Kg3 Be2 44.
Ne3 Nb4 $19 {[%csl Gb3][%cal Gb3b2,Ce3g4,Yb4d3]}) 42... Kg6 43. Kg3 Kxg5 44.
Bd2+ Kg6 45. Bc3 Be2 {Black continues to improve the positions of his pieces.}
46. Nb2 Ne7 47. Na4 Nd5 48. Bb2 Bd3 49. Bd4 Bc2 {Ruslan placed his knight and
bishop in ideal positions, but you can't win the game without the king. So his
next goal is to transfer his king to the queenside.} 50. Bb2 Kg7 51. Bd4 Kf8
52. Kf2 Ke7 53. Ke2 Kd7 54. Kd2 {The white king goes to meet his black
colleague, with a tough goal, to stop his mission.} Kc6 55. Bb2 Nf4 56. Ke3 Nd3
{The knight comes to help his king, and controls new squares.} 57. Bd4 Kb5 58.
Nb2 (58. Nc3+ $2 Kb4 {/\b2} 59. Kd2 Kc4 60. Ne2 Kd5 {קe5 -+}) 58... Nb4 {
Now White's knight is stuck on "b2" and Black changes the direction of his
attack. His goal - to get rid of the pawn on "e5".} 59. Kd2 Nc6 60. Bc3 Kc5 61.
Na4+ Kd5 62. Ke3 Bd1 $1 {It was important not to hurry to grab the pawn on
"e5":} (62... Nxe5 $4 63. Nb6+ Kc6 64. Bxe5 Kxb6 65. g5 $11 {despite the 2
extra pawns, the opposite bishops provide White a unapproachable fortress.})
63. g5 $140 Bh5 {The bishop has met his purpose on "c2" square, and now is
transfered to the strongest position on /^ e8-h5.} 64. Bb2 ({A little bit
better:} 64. Nb6+ {For example, I can give this variation:} Kc5 65. Nd7+ Kc4
66. Kd2 Nb4 67. Nb6+ Kb5 68. Nc8 Bg6 69. Nd6+ Ka4 70. Nc4 Nd5 71. Bd4 Kb4 72.
Nb2 Ka3 73. Nc4+ Ka2 74. Nb2 Nf4 $19 {Black finally gets through his
opponent's defense.}) 64... Bg6 65. Nb6+ Kc5 66. Nc8 Nb4 67. Nd6 Nd3 68. Bd4+
Kd5 $19 {White can't both protect the e5 pawn, and prevent the "b" pawn from
becoming a queen.} 69. Nb5 Kc4 70. Nd6+ ({This doesn't change anything:} 70.
Na3+ Kb4 71. Nb1 b2 72. Bc3+ (72. Nd2 Ka3 {/\Ka2 and b1Q}) (72. Kd2 Kc4 73. Bc3
Kb3 74. Bd4 Nc1 75. Nc3 Kc4 {/\Nb3+}) 72... Kb3 73. Bd4 Kc2 74. Na3+ Kc1 $19)
70... Kb4 71. Nxf7 Ne1 $1 {[%csl Rd4,Re3,Rf7][%cal Ge1c2] As strange as it
seems, this also lead to a win:} (71... Bxf7 $2 72. Kxd3 Ka3 73. Kc4 (73. Kc3
$4 b2 74. Kc2 Bg6+) 73... b2 74. Bxb2+ Kxb2 75. Kc5 Kc3 76. Kd6 Kd4 77. Ke7 Bg8
78. Kf6 (78. Kf8 $144 Bh7 79. Kg7 Bf5 80. Kf6 Kd5 $19) 78... Ke4 79. g6 Kf4 80.
Kg7 Kg5 {with mate in 18 moves.}) 72. Kd2 Nf3+ {A good game, one to learn from!
} 0-1

[Event "FIDE World Cup"]
[Site "Khanty-Mansiysk"]
[Date "2005.12.17"]
[Round "7.3"]
[White "Aronian, Levon"]
[Black "Ponomariov, Ruslan"]
[Result "1-0"]
[WhiteElo "2724"]
[BlackElo "2704"]
[Annotator "Babula,V"]
[PlyCount "145"]
[EventDate "2005.11.27"]
[EventType "k.o."]
[EventRounds "7"]
[EventCountry "RUS"]
[SourceTitle "CBM 111"]
[Source "ChessBase"]
[SourceDate "2006.04.04"]
[SourceVersion "1"]
[SourceVersionDate "2006.04.04"]
[SourceQuality "1"]

1. d4 Nf6 2. c4 e6 3. Nf3 d5 4. Nc3 Be7 5. Bg5 h6 6. Bh4 O-O 7. e3 b6 {The
Tartakower is one of the most solid defences against the Queen's Gambit.} 8.
Bd3 Nbd7 ({It is more logical to develop the bishop at first} 8... Bb7) 9. cxd5
$5 {White immediately strives to exploit that fact.} (9. O-O Bb7 {leads to the
main lines.}) 9... Nxd5 ({Possible is also} 9... exd5 10. O-O Bb7 {but Black
stays with the closed Bb7. Usually in the Tartakower it is suitable for Black
to capture on d5 with a piece to keep the diagonal h1-a8 open for his bishop.
And when Black is forced to capture on d5 with a pawn, then he strives to
develop his bishop on e6. But in the game Black can't manage things this way,
it is a drawback of his move 8.}) 10. Nxd5 exd5 ({An interesting alternative is
} 10... Bxh4 {White maybe wanted to continue} 11. Nc3 $5 (11. Nxh4 exd5 12. Nf5
Nf6 13. Rc1 g6 14. Ng3 Qe7 15. Qc2 Bd7 16. O-O c6 17. Rfe1 Rfe8 18. a3 h5 $11 {
1/2-1/2 Pinter,J-Short,N/Rotterdam 1988/CBM 009 (41)})) 11. Bg3 $5 {Keeping
the bishops on the board gives White more chances for an opening advantage.} (
11. Bxe7 Qxe7 12. O-O c5 13. Rc1 Bb7 $14 {1/2-1/2 Matras,O-Cechura,P/Plzen
1993/EXT 2004 (61)}) 11... Bb4+ {White doesn't mind this check.} 12. Ke2 {
The king is here in safety.} c5 $2 {A serious oversight, which can happen in
rapid game very easily.} 13. a3 Ba5 $6 ({If Black foresaw White's reply, he
would surely continue} 13... c4 $142 14. axb4 cxd3+ 15. Qxd3 $16) 14. b4 $3 {
[%mdl 64]} cxb4 15. Qb3 $1 $18 {[%csl Rb4,Rd5] The point of White's idea.
Black can't avoid decisive material losses.} Nc5 (15... bxa3 16. Qxd5 {[%csl
Ra8]}) (15... Qe7 16. Qxd5 Nf6 17. Qxa8 Bb7 18. Bd6 $1) 16. dxc5 bxc5 17. axb4
c4 $6 ({After} 17... Bxb4 $142 18. Rhd1 a5 $18 {Black can fight yet.}) 18. Bh7+
$1 Kh8 19. Qc3 {The further resistance is futile, Black continues to play just
because it is a rapid game.} Bxb4 20. Qxb4 Kxh7 21. Qd6 Bf5 22. Qxd8 Rfxd8 23.
Nd4 Bg6 24. Kd2 a5 25. Ra4 Ra6 26. Rha1 Rda8 27. Nb5 Rb6 28. Rxa5 c3+ 29. Nxc3
Rb2+ 30. Ke1 Rc8 31. R5a2 Rxa2 32. Nxa2 d4 33. exd4 Ra8 34. d5 Bf5 35. d6 Bd7
36. Bf4 Kg6 37. Bd2 Ra6 38. Bc3 Rxd6 39. Nb4 Bb5 40. Nc2 Rd3 41. Ra3 f6 42. Bd4
Rxa3 43. Nxa3 Bc6 44. f3 Kf7 45. Nc4 Ke6 46. Ne3 Bb7 47. Bc5 Bc6 48. Kf2 Bb7
49. f4 Be4 50. g3 h5 51. Ke2 g5 52. Kd2 h4 53. Kc3 hxg3 54. hxg3 gxf4 55. gxf4
Bb1 56. Kd4 Bg6 57. Bb6 Bb1 58. Bd8 f5 59. Kc5 Be4 60. Bg5 Bb1 61. Nd5 Be4 62.
Nb4 Kd7 63. Na2 Ke6 64. Nc3 Bf3 65. Nb5 Be4 66. Nd4+ Kd7 67. Bf6 Kc7 68. Ne6+
Kd7 69. Ng7 Kc7 70. Be7 Kd7 71. Bf8 Kc7 72. Kd4 Kd7 73. Ke5 1-0

[Event "Cuernavaca Young Masters"]
[Site "Cuernavaca"]
[Date "2006.02.08"]
[Round "6"]
[White "Ponomariov, Ruslan"]
[Black "Bruzon Batista, Lazaro"]
[Result "1-0"]
[WhiteElo "2723"]
[BlackElo "2650"]
[Annotator "Kritz,L"]
[PlyCount "53"]
[EventDate "2006.02.03"]
[EventType "tourn"]
[EventRounds "9"]
[EventCountry "MEX"]
[EventCategory "16"]
[SourceTitle "CBM 112"]
[Source "ChessBase"]
[SourceDate "2006.06.07"]
[SourceVersion "1"]
[SourceVersionDate "2006.06.07"]
[SourceQuality "1"]

1. e4 c5 2. Nf3 e6 3. Nc3 a6 4. d4 cxd4 5. Nxd4 b5 {Andere Hauptfortsetzungen
sind} (5... Qc7 6. Bd3 Nf6 (6... Nc6 7. Nxc6 dxc6 8. O-O e5 9. f4 Bc5+ 10. Kh1
Nf6 11. f5 h5 12. Qf3 Ng4 13. Bg5 $14 {Diese Variante wird sehr oft von dem
lettischen GM Normunds Miezis gespielt. Seine Partien kann man als Beispiel
für das schwarze Spiel nehmen, allerdings bleibt die Stellung trotzdem besser
für Weiß.}) (6... Bb4 {Macht wenig Sinn, da das Nehmen auf c3 sehr gefährlich
ist:} 7. O-O Bxc3 (7... Nf6 8. Bd2 Be7 9. Qe2 $16 {De Firmian - Forsaa 
(Politiken Cup, 2005)}) 8. bxc3 Qxc3 9. Rb1 $1 Ne7 (9... Qxd4 10. Bb2 Qc5 11.
Bxg7 $18) 10. Bb2 Qc7 11. Qg4 Ng6 12. e5 b5 13. f4 $16) 7. O-O Be7 (7... d6 8.
Qe2 $14) 8. Kh1 Nc6 (8... O-O 9. f4 d6 10. Qf3 $16 {Es entsteht typische
Scheweningenstellung, wo Schwarz sich schon mit dem Zug Dc7 festgelegt hat und
Weiß statt Le2-Lf3/Ld3 sofort Ld3 gezogen hat und damit ein Tempo gewonnen hat,
was in solch scharfen Stellungen sehr stark die Stellungsbewertung
beeinflüssen kann.}) 9. Nxc6 $1 bxc6 {Ähnliche Stellungen erhält man in der
Variante 1.e4 c5.2.Sf3 e6.3.d4 cd.4.Sd4 a6.5.Sc3 Sc6.6.Sc6 bc.7.Ld3. Der Zug
Dc7 ist hier nicht unbedingt notwendig.} (9... dxc6 10. f4 e5 11. f5 $16 {
Erneut entsteht ähnliche Struktur wie in Miezis-Variante, nur statt den Läufer
auf c5 zu entwickeln, steht er jetzt passiv auf e7.}) 10. b3 O-O 11. Bb2 d5 (
11... e5 $6 12. f4 d6 13. Qf3 $14 {Gashimov - Ahlander (Saint Vincent, 2005)
Jetzt hat sich der weiße Aufbau gelohnt - nach Nd1-e3 ist der Läufer b2 sehr
aktiv.}) 12. f4 (12. e5 $6 Qxe5 13. f4 Qc7 14. Ne2 Ng4 $1 15. Qe1 Bf6 $17)
12... c5 13. e5 Nd7 14. Qh5 g6 15. Qh3 Bb7 $132) (5... Nc6 {was zuletzt sehr
aktuell geworden ist:} 6. Nxc6 (6. Be3 Nf6 7. Qd2 Bb4 8. f3 d5 9. a3 Qa5 $1 $11
) 6... bxc6 7. Bd3 d5 8. O-O $132) 6. Bd3 Qb6 (6... d6 7. O-O Nf6 8. a4 (8. Qe2
{ist auch möglich} Be7 9. a4 {Das ist zwar gut spielbar, jedoch nicht ganz
folgerichtig. Wenn man schon 8.Qe2 spielt, dann sollte man versuchen, im
Zentrum und am Königsflügel zu spielen:} (9. Bd2 Bb7 10. Rae1 O-O 11. Kh1 Nbd7
12. f4 $14) 9... b4 10. Na2 Qb6 11. Be3 Qb7 12. Bg5 {Weiß führt keinen
konkreten Plan durch, sondern versucht seinen Entwicklungsvorsprung mittels
taktischen Tricks auszunutzen.} h6 $5 (12... O-O 13. e5 $1 dxe5 14. Bxf6 $1
Bxf6 15. Be4 Qa7 16. Qh5 g6 17. Qf3 exd4 (17... Qxd4 18. c3 bxc3 19. bxc3 Qxa4
20. Nb4 Qb5 21. Bxa8 Bg7 22. Rfb1 $14) 18. Bxa8 Be7 19. Rfd1 e5 20. c3 bxc3 21.
bxc3 dxc3 22. Nxc3 $14) (12... Nbd7 13. a5 Nc5 14. f3 $14) 13. Bh4 g5 14. Bg3
e5 $5 {sehr interessante Idee - der weiße Läufer g3 wird für kurze Zeit aus
dem Spiel ausgeschloßen und Schwarz bekommt gutes Spiel.} 15. Nf5 Bxf5 16. exf5
e4 $132 {Smirin - Arencibia (Khanty Mansiysk, 2005)}) 8... b4 9. Na2 Qb6 (9...
e5 {ist die andere Möglichkeit} 10. Nb3 (10. Nf5 $6 Bxf5 $1 {man muss hier
keine Angst davor haben, den Läufer zu geben - schwarze Überlegenheit im
Zentrum kompensiert es völlig.} (10... d5 $5 11. exd5 (11. Qf3 $5 $14) 11... e4
12. Nd4 exd3 13. Re1+ Be7 14. Nxb4 $44) 11. exf5 d5 (11... Nc6 12. c3 bxc3 13.
Nxc3 d5 14. Bg5 Be7 15. Bc2 Nb4 16. Bb3 d4 17. Bxf6 Bxf6 18. Ne4 $14) 12. Re1
e4 13. c3 Be7 14. Bf1 bxc3 15. Nxc3 Qd6 16. Bg5 Nbd7 $132) 10... Nc6 (10... d5
11. Bg5 Bb7 12. exd5 Qxd5 13. f3 Nbd7 (13... Be7 14. c4 bxc3 (14... Qe6 15. Qc2
$14) 15. Nxc3 Qe6 16. Be3 $14) 14. Qe1 Qd6 (14... a5 15. Rd1 $14) 15. Rd1 $14)
11. Bd2 Qb6 (11... d5 12. Qe1 Qd6 13. Na5 $3 $14) 12. a5 Qb7 13. Bg5 Be7 14.
Bxf6 Bxf6 15. Bc4 Qc7 16. c3 $14) 10. Be3 (10. a5 $5 Qxa5 11. Bd2 (11. c3 $5
bxc3 (11... Bb7 12. cxb4 Qc7 13. Nc3 $14) 12. Nxc3 Qd8 (12... Qxa1 13. Nb3 $16)
(12... Qb6 13. Be3 $14) 13. Be3 Be7 14. Bb5+ Bd7 15. Qf3 Bxb5 16. Ncxb5 $13 {
Weiß verfügt zwar über gewiße Kompensation aufgrund des Entwicklungsvorsprungs,
aber es ist fraglich ob es genug ist.}) 11... d5 12. e5 Ne4 $13) 10... Qb7 11.
c3 e5 (11... bxc3 12. Nxc3 Be7 13. b4 Qxb4 14. a5 $1 (14. Rb1 Qa5 15. Nb3 Qc7
16. a5 Bd7 17. Qd2 O-O 18. Rfc1 $44) 14... O-O 15. Qd2 Qb7 16. Rfb1 Qc7 17. Rc1
Qd8 18. Na4 $16 {Zhang Pengxiang - Markowski (Merida, 2005)}) 12. Nb3 bxc3 (
12... Nc6 13. cxb4 Nxb4 14. Na5 Qb8 15. Nxb4 Qxb4 16. Nc4 $16) (12... a5 $5 {
sieht zwar absourd aus, ist aber nicht so einfach zu widerlegen} 13. cxb4 axb4
14. Bb5+ Bd7 15. Nxb4 Bxb5 16. axb5 Rxa1 17. Nxa1 Qxb5 18. Nd5 $14) 13. Nxc3
Nc6 (13... Be6 $5 {wäre womöglich stärker gewesen, um den weißen Läufer nicht
über c4 auf d5 rauszulassen} 14. Na5 $1 (14. Nd2 Nbd7 15. Nc4 Rc8 $13) 14...
Qb4 15. Nd5 Bxd5 (15... Qxa5 16. Bb6 $18) 16. Bd2 Qb6 17. exd5 Nbd7 18. b4 $14)
14. Bc4 Be7 (14... Be6 15. Nd5 $1 Nxe4 (15... Bxd5 16. Bxd5 Nxd5 17. Qxd5 Rb8
18. Rfc1 $16) 16. Rc1 $36) 15. Nd5 Be6 16. Nxf6+ gxf6 17. Bd5 (17. Bxe6 {
verspricht Weiß nicht so viel} fxe6 18. Qh5+ Kd7 19. Nd2 Rag8 $132) 17... Bxd5
18. Qxd5 $14 {Bei dem Bauernstruktur hat Weiß natürlich großen Vorteil.
Radjabov - Kazhgaleyev (Khanty Mansiysk, 2005)}) 7. Nf3 {In dieser Variante
hat Weiß zwei wichtige Ideen. Er versucht mittels e5-Bf4-Ne4 den schwarzen
d-Bauern in seiner Bewegung zu begrenzen und damit das Feld d6 zu erobern,
oder, wenn Schwarz d6 spielt, dann schaltet Weiß auf den anderen Plan um - er
spielt a4, zwingt den Gegner zu b4 und a5 und spielt dann am Damenflügel.} (7.
Nb3 Qc7 8. O-O Nf6 9. Qe2 d6 10. Bd2 Be7 11. a4 (11. f4 Bb7 12. Kh1 O-O 13.
Rae1 Nbd7 $132 {Das ist die alte "klassische" Stellung mit Chancen für beide
Seiten.}) 11... b4 12. Na2 a5 13. c3 bxc3 14. Nxc3 $14) (7. Be3 Bc5 8. Be2 Nc6
9. Nxc6 dxc6 $1 (9... Bxe3 10. fxe3 dxc6 11. Qd4 $1 {xg7} Qxd4 12. exd4 $14 {
Wegen seines starken Zentrums steht Weiß angenehmer.}) 10. Bxc5 (10. Qd6 $5
Bxd6 $1 (10... Bxe3 11. fxe3 Ra7 12. O-O-O Rd7 (12... Qxe3+ 13. Kb1 $16) 13.
Qg3 $14) 11. Bxb6 e5 12. O-O-O Ke7 $11) 10... Qxc5 11. f4 e5 12. f5 Nf6 13. Qd3
Bd7 14. Qg3 Qe7 $1 15. O-O-O O-O-O $11) 7... Bb7 (7... Qc7 8. O-O Bb7 (8... d6
9. a4 b4 10. Na2 a5 11. c3 bxc3 12. Nxc3 $16) 9. Re1 Bc5 10. Qd2 $1 Be7 (10...
Nf6 11. Qg5 $16) (10... h6 11. b4 Be7 (11... Bxb4 12. Nxb5 axb5 (12... Bxd2 13.
Nxc7+ Kd8 14. Nxa8 Bxe1 15. Rb1 $18) 13. Qxb4 $18) 12. a4 $16) 11. b3 d6 12.
Bb2 $14) (7... d6 $2 8. a4 b4 (8... bxa4 9. Nxa4 Qc7 10. O-O Nf6 11. Be3 $16)
9. a5 $1 {Das ist die eigentliche Idee des Weißen.} Qc7 10. Na4 Nd7 (10... Qxa5
11. Be3 Qc7 (11... Nd7 12. Nb6 $18) 12. Nb6 $18) 11. Be3 Rb8 12. O-O Be7 13.
Qe2 $16) (7... Nc6 8. O-O d6 (8... Qb8 9. e5 $5 {/\ Re1-Bf4-Ne4} Nxe5 10. Nxe5
Qxe5 11. Qf3 Qb8 (11... d5 12. Bf4 Qd4 (12... Qf6 13. Nxd5 exd5 14. Rfe1+ Be7
15. Qxd5 Ra7 16. Qc5 $18) 13. a4 $1 (13. Bxb5+ axb5 14. Nxb5 Qa4 15. Nc7+ Kd8
16. Nxa8 Qxa8 17. a4 Nf6 $13) 13... b4 14. Bb5+ $3 axb5 (14... Bd7 15. Bxd7+
Kxd7 16. Rfd1 Qc4 17. Nxd5 exd5 18. Rxd5+ $18) 15. Nxb5 Qxb2 16. Nc7+ Kd8 17.
Nxa8 $18) 12. Bf4 Bb7 (12... d6 13. Rfe1 Nf6 14. Ne4 Bb7 15. Nxf6+ gxf6 16. Be4
Bxe4 17. Qxe4 $44) 13. Be4 Bxe4 14. Nxe4 Qd8 15. Nd6+ Bxd6 16. Bxd6 $14) 9. a4
b4 10. a5 $5 (10. Na2 $5 Nf6 11. Be3 Qb8 12. c3 $14) 10... Nxa5 11. Na4 Qc7 12.
Be3 Rb8 13. Nb6 Rxb6 14. Rxa5 Rb8 15. Qa1 $14) 8. O-O Nc6 9. a4 (9. Bf4 Nge7 (
9... d6 10. a4 b4 11. Ne2 Nf6 12. Qd2 Be7 13. a5 Qc7 (13... Nxa5 14. Be3 Qc7
15. Qxb4 $14) 14. Be3 Nd7 15. Nfd4 $14) 10. Re1 Nc8 $2 {Weiß will ja demnächst
e5 spielen. Bei dieser Bauernstruktur muss man den Springer nach g6 stellen,
um maximalen Druck auf den e-Bauer zu machen. Auf c8 macht der Springer nichts.
} 11. e5 $1 {Weiß droht mit Ne4-d6 und Schwarz hat eindeutig nicht genug
Gegenspiel.} h6 (11... Nb4 12. Be4 (12. Ng5 Nxd3 13. Qxd3 d5 $1 {Das ist wohl
das kleinere Übel.} 14. Be3 Qc6 15. Bd4 Nb6 16. b3 $14) 12... Bxe4 13. Nxe4 Nd5
14. Bg5 h6 15. Bh4 g5 16. Bg3 Bg7 17. a4 b4 18. c4 bxc3 19. bxc3 $16) 12. Ne4
Nb4 13. Bf1 Nd5 14. Bg3 Be7 15. c3 $16 {Weiß hat ein leichtes Spiel. Man kann
die Idee b3-c4 spielen, um den schwarzen Springer zu vertreiben und das Feld
d6 noch stärker zu schwächen. Schwarz dagegen hat gar keine aktiven
Möglichkeiten.}) (9. e5 $5 Nge7 10. Re1 Ng6 11. Be4 $14) 9... b4 10. a5 Qc7 (
10... Nxa5 11. Na4 Qc7 12. Be3 Nc6 13. Nb6 Rb8 14. Bxa6 Bxa6 15. Rxa6 Nf6 16.
Nd5 $3 exd5 (16... Qc8 17. Nxf6+ gxf6 18. Qd3 $16 {Fressinet - Charbonneau 
(ACP Blitz, 2004)}) 17. exd5 Qc8 18. Ra1 Ne7 19. d6 Nf5 20. Bf4 $16 {/\ Re1})
11. Na4 Nf6 12. Be3 $16 {Weiß hat großen Vorteil Dank der Schwäche des Feldes
b6 und der besseren Bauerstruktur.} Be7 13. Bb6 Qb8 14. Qe2 O-O 15. Nc5 Bxc5
16. Bxc5 Rc8 17. Bb6 Ne5 18. Nxe5 Qxe5 19. b3 Qc3 20. Qe1 e5 21. Ra4 d5 22. f3
dxe4 23. fxe4 Bc6 24. Rxb4 Bb5 25. Qxc3 Rxc3 26. Bxb5 axb5 27. Rf2 1-0